Direktori kandungan digital Perpustakaan Negara Malaysia
| Corporate Author: | |
|---|---|
| Format: | Book |
| Published: |
KL :
PNM ,
2005
|
| Subjects: |
MARC
| LEADER | 00000cam a2200000 7i4500 | ||
|---|---|---|---|
| 001 | 0000038725 | ||
| 005 | 20131120.0 | ||
| 008 | 131120 | ||
| 020 | |a 9679311791 | ||
| 090 | 0 | 0 | |a 005.72025 |b DIR |
| 110 | 0 | |a Perpustakaan Negara Malaysia | |
| 245 | 1 | 0 | |a Direktori kandungan digital Perpustakaan Negara Malaysia |
| 260 | |a KL : |b PNM , |c 2005 | ||
| 650 | 0 | |a Digital electronics |x Directories | |
| 650 | 0 | |a Digital media |x Directories | |
| 650 | 0 | |a Digital printed materials |x Directories | |
| 999 | |a 0001227402 |b Book |c Adult Collection |e Perbadanan Perpustakaan Awam Johor | ||